000 00487nab a2200145Ia 4500
003 ES-SlBCS
005 20210601134617.0
008 140529s1996 xxu||||| |||| 00| 0 spa d
041 _aspa
100 1 _aMartínez Miguélez, Miguel
_970053
245 0 0 _aRelación realidad-racionalidad en la ciencia. (Bases espistémicas para el siglo XXI)
_c Miguel Martínez Miguélez
650 0 4 _aCiencia
_915905
773 0 _tAnthropos
_gvol. 17, nº. 32-33, 1996, págs. 45-59
_wRev38
942 _cAR
999 _c615254
_d615254